[Event "South America-ch 1st"]
[Site "Lima"]
[Date "2023.09.21"]
[Round "8"]
[White "Ilasaca Gaona, Owen Hisahito"]
[Black "Morales Nino, Luis"]
[Result "1-0"]
[WhiteElo "1566"]
[BlackElo "2051"]
[PlyCount "57"]
[EventDate "2023.09.14"]
[EventType "swiss"]
[EventRounds "9"]
[EventCountry "PER"]
[SourceTitle "EXT 2024"]
[Source "ChessBase"]
[SourceDate "2023.10.10"]
[SourceVersion "1"]
[SourceVersionDate "2023.10.10"]
[SourceQuality "1"]

1. e4 d5 2. exd5 Qxd5 3. Nc3 Qa5 4. g3 Bd7 5. Bg2 Bc6 6. Nf3 Nd7 7. d4 e6 8. a3 Bb4 9. Bd2 Bxc3 10. Bxc3 Qd5 11. Nh4 Qg5 12. f4 Qe7 13. Bxc6 bxc6 14. Qf3 Ngf6 15. Bb4 Qd8 16. Qxc6 a5 17. Bc5 Qc8 18. 0-0-0 Ra6 19. Qa4 Qb7 20. Rhe1 Kd8 21. f5 Kc8 22. fxe6 fxe6 23. Rd3 Ne4 24. Qc4 Nexc5 25. dxc5 Qc6 26. Nf3 Kb7 27. Rb3+ Ka7 28. Nd4 Qxc5 29. Nb5+ 1-0

[Event "South America-ch 1st"]
[Site "Lima"]
[Date "2023.09.14"]
[Round "1"]
[White "Morales Nino, Luis"]
[Black "Laura Saavedra, Miguel Nicanor"]
[Result "1/2-1/2"]
[WhiteElo "2051"]
[BlackElo "1684"]
[PlyCount "48"]
[EventDate "2023.09.14"]
[EventType "swiss"]
[EventRounds "9"]
[EventCountry "PER"]
[SourceTitle "EXT 2024"]
[Source "ChessBase"]
[SourceDate "2023.10.10"]
[SourceVersion "1"]
[SourceVersionDate "2023.10.10"]
[SourceQuality "1"]

1. d4 Nf6 2. Nf3 d5 3. c4 e6 4. Nc3 Be7 5. Bg5 0-0 6. e3 b6 7. Rc1 Bb7 8. Bd3 Nbd7 9. 0-0 h6 10. Bh4 dxc4 11. Bxc4 c5 12. Qe2 Ne4 13. Bxe7 Nxc3 14. Rxc3 Qxe7 15. Ba6 Bxf3 16. Qxf3 cxd4 17. exd4 Qb4 18. a3 Qd6 19. Rc6 Qe7 20. Rc7 Qd6 21. Qc3 Nf6 22. Bb7 Rad8 23. Bf3 Rd7 24. Rxd7 Qxd7 1/2-1/2

[Event "PER-ch"]
[Site "Lima"]
[Date "2023.08.30"]
[Round "3"]
[White "Montoya Jorge, Richard Lionel"]
[Black "Morales Nino, Luis"]
[Result "1-0"]
[WhiteElo "1252"]
[BlackElo "2051"]
[PlyCount "23"]
[EventDate "2023.08.29"]
[EventType "swiss"]
[EventRounds "9"]
[EventCountry "PER"]
[SourceTitle "EXT 2024"]
[Source "ChessBase"]
[SourceDate "2023.10.10"]
[SourceVersion "1"]
[SourceVersionDate "2023.10.10"]
[SourceQuality "1"]

1. e4 d5 2. exd5 Qxd5 3. Nc3 Qa5 4. Nf3 Bg4 5. Be2 Nf6 6. d4 Nc6 7. Be3 0-0-0 8. h3 Bxf3 9. Bxf3 Nxd4 10. Bxd4 c5 11. Bxb7+ Kc7 12. Qf3 1-0

[Event "Pan American-ch Seniors 50"]
[Site "Lima"]
[Date "2023.04.30"]
[Round "7"]
[White "Morales Nino, Luis"]
[Black "Daneri, Martin"]
[Result "1-0"]
[WhiteElo "1999"]
[BlackElo "2078"]
[PlyCount "133"]
[EventDate "2023.04.26"]
[EventType "swiss"]
[EventRounds "9"]
[EventCountry "PER"]
[SourceTitle "CBM 214 Extra"]
[Source "ChessBase"]
[SourceDate "2023.07.31"]
[SourceVersion "1"]
[SourceVersionDate "2023.07.31"]
[SourceQuality "1"]

1. d4 e6 2. Nf3 c5 3. c4 Nf6 4. Nc3 cxd4 5. Nxd4 Bb4 6. Bd2 Nc6 7. Nc2 Ba5 8. e3 0-0 9. Be2 d5 10. 0-0 dxc4 11. Bxc4 a6 12. Be2 e5 13. Bf3 Be6 14. Bxc6 bxc6 15. e4 Qc7 16. b4 Bb6 17. Be3 Rfd8 18. Qe2 Bd4 19. Bd2 a5 20. a3 Bb3 21. Ne3 axb4 22. axb4 Bxc3 23. Rxa8 Rxa8 24. Bxc3 Nxe4 25. Qb2 Nxc3 26. Qxc3 Be6 27. Rc1 Rc8 28. Qc5 Qb8 29. Nc4 Bxc4 30. Rxc4 Rd8 31. g3 g6 32. Qxc6 Rd1+ 33. Kg2 Kg7 34. b5 Rb1 35. Rc5 h5 36. Qd5 Re1 37. Rc6 h4 38. gxh4 Qa7 39. Qd6 Qb7 40. Qf6+ Kg8 41. Qd8+ Kg7 42. Qf6+ Kg8 43. f3 e4 44. Qd8+ Kg7 45. Qd4+ Kh7 46. h5 Qe7 47. hxg6+ fxg6 48. f4 e3 49. b6 Re2+ 50. Kg3 Rd2 51. Rc7 Rxd4 52. Rxe7+ Kh6 53. Rxe3 Rb4 54. Re6 Kh5 55. Kf3 Rb2 56. h4 Rb4 57. Ke3 Rb1 58. Ke4 Rb4+ 59. Ke5 Rb5+ 60. Ke4 Rb4+ 61. Ke3 Rb3+ 62. Kd4 Rb4+ 63. Kc5 Rxf4 64. b7 Rf5+ 65. Kb6 Rf1 66. Kc7 Rc1+ 67. Rc6 1-0

[Event "Pan American-ch Seniors 50"]
[Site "Lima"]
[Date "2023.04.28"]
[Round "5"]
[White "Morales Nino, Luis"]
[Black "Lima, Darcy Gustavo Macha"]
[Result "0-1"]
[WhiteElo "1999"]
[BlackElo "2445"]
[PlyCount "58"]
[EventDate "2023.04.26"]
[EventType "swiss"]
[EventRounds "9"]
[EventCountry "PER"]
[SourceTitle "CBM 214 Extra"]
[Source "ChessBase"]
[SourceDate "2023.07.31"]
[SourceVersion "1"]
[SourceVersionDate "2023.07.31"]
[SourceQuality "1"]

1. d4 Nf6 2. Nf3 g6 3. c4 Bg7 4. Nc3 0-0 5. e4 d6 6. Be2 c5 7. 0-0 Nc6 8. d5 Na5 9. Qc2 e5 10. Ne1 Ne8 11. a3 b6 12. b4 Nb7 13. Be3 f5 14. f3 f4 15. Bf2 h5 16. Nd3 g5 17. Rac1 g4 18. Kh1 Qg5 19. h4 Qg6 20. g3 fxg3 21. Bxg3 gxf3 22. Rg1 fxe2 23. Qxe2 Bg4 24. Qe1 Nf6 25. Nf2 cxb4 26. axb4 a5 27. Nb5 axb4 28. Nc7 Ra2 29. Ne6 Bf3+ 0-1

[Event "San Borja Nombre de Jesus III"]
[Site "San Borja"]
[Date "2015.08.15"]
[Round "8"]
[White "Saenz, Ivan"]
[Black "Morales Nino, Luis"]
[Result "0-1"]
[WhiteElo "1863"]
[BlackElo "2074"]
[PlyCount "68"]
[EventDate "2015.08.12"]
[EventType "swiss"]
[EventRounds "8"]
[EventCountry "PER"]
[SourceTitle "EXT 2024"]
[Source "ChessBase"]
[SourceDate "2023.10.10"]
[SourceVersion "1"]
[SourceVersionDate "2023.10.10"]
[SourceQuality "1"]

1. d4 Nf6 2. Bg5 c5 3. d5 Qb6 4. Nc3 Qxb2 5. Bd2 Qb6 6. Rb1 Qd8 7. e4 d6 8. f4 a6 9. a4 g6 10. Nf3 Bg7 11. Bc4 0-0 12. 0-0 Nbd7 13. Qe2 Ne8 14. e5 Nc7 15. a5 b5 16. axb6 Nb5 17. Bxb5 axb5 18. Nxb5 Nxb6 19. c4 Ra4 20. Ra1 Rxc4 21. Ba5 Qd7 22. Na3 Ba6 23. Qd2 Ra4 24. Rfb1 Rxa3 25. Bxb6 Qa4 26. Rxa3 Qxa3 27. Ne1 Rb8 28. Qc2 Qe3+ 29. Qf2 Qe4 30. Qc2 Qxc2 31. Nxc2 Bd3 32. exd6 exd6 33. Rc1 Rxb6 34. h3 Bb2 0-1

[Event "San Borja Nombre de Jesus III"]
[Site "San Borja"]
[Date "2015.08.14"]
[Round "5.3"]
[White "Morales Nino, Luis"]
[Black "Bustamante, Wilfredo"]
[Result "1-0"]
[WhiteElo "2074"]
[BlackElo "1981"]
[PlyCount "71"]
[EventDate "2015.08.12"]
[EventType "swiss"]
[EventRounds "8"]
[EventCountry "PER"]
[SourceTitle "EXT 2024"]
[Source "ChessBase"]
[SourceDate "2023.10.10"]
[SourceVersion "1"]
[SourceVersionDate "2023.10.10"]
[SourceQuality "1"]

1. d4 e6 2. c4 Nf6 3. Nf3 c5 4. Nc3 cxd4 5. Nxd4 Bb4 6. Bd2 0-0 7. e3 a6 8. Be2 Qc7 9. 0-0 Bd6 10. h3 Nc6 11. Rc1 Qb8 12. a3 b6 13. b4 Bb7 14. Nb3 Bh2+ 15. Kh1 Ne7 16. c5 Nf5 17. Bf3 Nh4 18. Bxb7 Qxb7 19. e4 Be5 20. cxb6 d6 21. Na5 Qxb6 22. Be3 Qb8 23. Nc6 Qb7 24. Nxe5 dxe5 25. Bg5 Ng6 26. Bxf6 gxf6 27. Qf3 Kg7 28. Ne2 a5 29. Ng3 Nf4 30. Qg4+ Kh8 31. Qh4 Kg7 32. Rc3 axb4 33. axb4 Qxb4 34. Rf3 Ra5 35. Nh5+ Nxh5 36. Qxh5 1-0

[Event "Lima Santisimo Nombre de Jesus 1"]
[Site "Lima"]
[Date "2014.03.15"]
[Round "5"]
[White "Morales Nino, Luis"]
[Black "Hilares Chavez, Carlos Amir"]
[Result "1-0"]
[WhiteElo "2076"]
[BlackElo "1537"]
[PlyCount "67"]
[EventDate "2014.03.08"]
[EventType "swiss"]
[EventRounds "8"]
[EventCountry "PER"]
[SourceTitle "EXT 2024"]
[Source "ChessBase"]
[SourceDate "2023.10.10"]
[SourceVersion "1"]
[SourceVersionDate "2023.10.10"]
[SourceQuality "1"]

1. e4 e5 2. Nf3 Nc6 3. d4 exd4 4. Bc4 Bc5 5. 0-0 Nf6 6. e5 d5 7. Bb5 Ne4 8. Nxd4 0-0 9. Bxc6 bxc6 10. Be3 Bxd4 11. Bxd4 c5 12. Be3 d4 13. Bf4 f6 14. Qd3 Bf5 15. Qc4+ Kh8 16. f3 Ng5 17. Bxg5 fxg5 18. Qxc5 Re8 19. Nd2 Qe7 20. Qxd4 Qxe5 21. Qxe5 Rxe5 22. Ne4 Bxe4 23. fxe4 Rxe4 24. Rae1 Rxe1 25. Rxe1 Kg8 26. Re7 Rc8 27. Kf2 Rf8+ 28. Ke2 Rf7 29. Re8+ Rf8 30. Re5 h6 31. Ra5 Rb8 32. b3 Rb7 33. Ra6 Kf7 34. Ke3 1-0

[Event "Lima GP IRT op"]
[Site "Lima"]
[Date "2013.??.??"]
[Round "2"]
[White "Vera Siguenas, Deivy Anthoni"]
[Black "Morales Nino, Luis"]
[Result "1-0"]
[WhiteElo "2438"]
[BlackElo "2079"]
[PlyCount "149"]
[EventDate "2013.08.21"]
[EventType "swiss"]
[EventRounds "9"]
[EventCountry "PER"]
[SourceTitle "CBM 156 Extra"]
[Source "ChessBase"]
[SourceDate "2013.10.22"]
[SourceVersion "1"]
[SourceVersionDate "2013.10.22"]
[SourceQuality "1"]

1. e4 e5 2. Nf3 Nc6 3. Bb5 a6 4. Ba4 Nf6 5. 0-0 Be7 6. Re1 b5 7. Bb3 0-0 8. h3 d6 9. c3 Nb8 10. d4 Nbd7 11. Nbd2 Bb7 12. Bc2 Re8 13. Nf1 Bf8 14. Ng3 g6 15. a4 Bg7 16. Bd3 c6 17. Bg5 Qe7 18. Qd2 Qf8 19. b4 Nb6 20. axb5 cxb5 21. Be3 exd4 22. Bxd4 Nbd7 23. Rad1 Qe7 24. c4 Bc6 25. cxb5 Bxb5 26. Bb1 Rac8 27. Ba1 Ba4 28. Rc1 Ne5 29. Nd4 Nc4 30. Qf4 Ne5 31. Qe3 Qf8 32. f4 Nc4 33. Qf2 Nd7 34. Bd3 Bb5 35. Nxb5 axb5 36. Bd4 Bxd4 37. Qxd4 Qg7 38. Ne2 Nf6 39. Bxc4 bxc4 40. Nc3 Nh5 41. Qf2 Nf6 42. Qd2 Qf8 43. Rcd1 Qe7 44. Kh2 Qb7 45. Qd4 Re6 46. f5 Re5 47. Qxd6 Qb8 48. g4 g5 49. Kg2 Kg7 50. b5 h5 51. Kf3 Qxd6 52. Rxd6 hxg4+ 53. hxg4 Rh8 54. Ke3 Nxg4+ 55. Kd4 Rh3 56. Kxc4 Re8 57. Kb4 Ne5 58. Rg1 g4 59. Rd5 Kf6 60. b6 Kg5 61. Nb5 Nf3 62. Rgd1 g3 63. Rd8 Rhh8 64. Nd6 Rxd8 65. Nxf7+ Kf4 66. Nxd8 Rh2 67. Ka3 Rh7 68. f6 Ne5 69. f7 Nc4+ 70. Kb4 Rxf7 71. Kxc4 Re7 72. b7 Rxb7 73. Nxb7 Kxe4 74. Nd6+ Kf4 75. Rd4+ 1-0

[Event "Lima Morales Memorial op 2nd"]
[Site "Lima"]
[Date "2012.01.22"]
[Round "3"]
[White "Rodriguez Mayorca, Daniel"]
[Black "Morales Nino, Luis"]
[Result "0-1"]
[WhiteElo "1686"]
[BlackElo "2041"]
[PlyCount "106"]
[EventDate "2012.01.21"]
[EventType "swiss"]
[EventRounds "9"]
[EventCountry "PER"]
[SourceTitle "EXT 2014"]
[Source "ChessBase"]
[SourceDate "2013.11.20"]
[SourceVersion "1"]
[SourceVersionDate "2013.11.20"]
[SourceQuality "1"]

1. e4 d5 2. exd5 Qxd5 3. Nc3 Qd6 4. d4 Nf6 5. g3 c6 6. Bf4 Qb4 7. Qd2 Bf5 8. Bd3 Bxd3 9. Qxd3 e6 10. Nf3 Qa5 11. 0-0 Nbd7 12. Ne4 Nxe4 13. Qxe4 Nf6 14. Qe5 Qa6 15. a3 Rd8 16. Rad1 Bd6 17. Qg5 0-0 18. Be5 Be7 19. Nd2 Rd5 20. c4 h6 21. Qe3 Rd7 22. Bxf6 Bxf6 23. Ne4 Be7 24. Qc3 Rfd8 25. f4 c5 26. d5 exd5 27. cxd5 Rxd5 28. Rxd5 Rxd5 29. Qe3 c4 30. Kg2 Rd3 31. Qe2 Qc6 32. Kg1 f5 33. Nf2 Bc5 34. Qc2 Qd5 35. Qe2 Rd2 36. Qe8+ Kh7 37. Qe1 Rxb2 38. Qc1 Rd2 39. h3 Bxf2+ 40. Rxf2 Rd1+ 41. Qxd1 Qxd1+ 42. Rf1 Qd2 43. Kh1 c3 44. Kg1 c2 45. g4 Kg6 46. h4 fxg4 47. Rf2 c1Q+ 48. Kg2 Kf5 49. h5 Qxf2+ 50. Kxf2 Kxf4 51. Kg2 Qd2+ 52. Kg1 Kg3 53. Kf1 Qd1# 0-1

[Event "Lima Morales Memorial op 2nd"]
[Site "Lima"]
[Date "2012.01.21"]
[Round "2"]
[White "Morales Nino, Luis"]
[Black "Guzman, Percy"]
[Result "1/2-1/2"]
[WhiteElo "2041"]
[BlackElo "1987"]
[PlyCount "125"]
[EventDate "2012.01.21"]
[EventType "swiss"]
[EventRounds "9"]
[EventCountry "PER"]
[SourceTitle "EXT 2014"]
[Source "ChessBase"]
[SourceDate "2013.11.20"]
[SourceVersion "1"]
[SourceVersionDate "2013.11.20"]
[SourceQuality "1"]

1. d4 d5 2. c4 e6 3. Nf3 Nf6 4. Nc3 Be7 5. Qc2 0-0 6. Bf4 c6 7. e3 Nh5 8. Bg3 Nd7 9. Bd3 h6 10. 0-0 Nxg3 11. hxg3 a6 12. e4 dxe4 13. Nxe4 c5 14. Rfd1 cxd4 15. Nxd4 Qc7 16. Rac1 b6 17. Qe2 Bb7 18. Bb1 Nf6 19. a3 Rfd8 20. b4 Nxe4 21. Bxe4 Bf6 22. Bxb7 Qxb7 23. Nb3 Be7 24. Rxd8+ Rxd8 25. c5 bxc5 26. Nxc5 Qb5 27. Qc4 Rd1+ 28. Kh2 Rxc1 29. Qxc1 a5 30. Qc3 axb4 31. axb4 Bf6 32. Qa3 g6 33. Qa8+ Kg7 34. Qe4 Bc3 35. Nd3 f5 36. Qe3 e5 37. Nf4 Bxb4 38. Ne6+ Kf6 39. Qb3 Qd7 40. Qxb4 Qxe6 41. Qf8+ Qf7 42. Qxh6 Qg7 43. Qc1 Qh7+ 44. Kg1 Qd7 45. Qa1 Qd4 46. Qa6+ Kf7 47. Qb7+ Kf6 48. Qc6+ Kf7 49. Qc2 Kf6 50. Kh2 Kf7 51. Kh3 Qa1 52. Qc4+ Kf6 53. Qc6+ Kf7 54. Qd7+ Kf6 55. Qd6+ Kf7 56. Qd7+ Kf6 57. Qd8+ Kf7 58. Kh2 Qd4 59. Qc7+ Kf6 60. Qc2 Kf7 61. Qe2 Kf6 62. Kh3 Qa1 63. Kh2 1/2-1/2